Hauptstädte in Afrika - Statistiken

Allgemein
  • Dieses Quiz wurde 161 mal gespielt
  • Das Durchschnittsergebnis liegt bei 5 aus 13
Answers on the Grid
Answers color-coded by a green-red scale on the quiz's grid according to % correct below.
Abidjan
Bamako
Bloemfontein
Brazzaville
Casablanca
Cotonou
Dar-es-Salaam
Douala
Entebbe
Harare
Johannesburg
Juba
Kapstadt
Lagos
Las Palmas
Libreville
Luanda
Malabo
Malé
Marrakesch
Maseru
Monrovia
Nairobi
Praia
Theben
Valletta
 
Antwortstatistiken
Antwort % Korrekt
Brazzaville
72%
Bamako
57%
Bloemfontein
52%
Harare
46%
Luanda
43%
Libreville
41%
Nairobi
41%
Kapstadt
39%
Praia
28%
Maseru
26%
Monrovia
26%
Juba
24%
Malabo
20%
Keine übereinstimmenden Quizze gefunden
Verteilung der Resultate
Anzahl Personen mit jedem Resultat
Perzentil nach korrekt beantworteten Fragen
Ihre Resultats-Entwicklung
Sie haben dieses Quiz noch nicht gespielt